[Event "Tournoi Skype 019A"]
[Site "Skype"]
[Date "????.??.??"]
[Round "2.15"]
[White "Couto, Januario"]
[Black "Mulrooney, Justin"]
[Result "0-1"]
[WhiteElo "1591"]
[BlackElo "1729"]
[PlyCount "38"]

1. e4 e6 2. d4 d5 3. Nd2 Nf6 4. e5 Nfd7 5. Bd3 c5 6. c3 Nc6 7. Ne2 Be7 8. Nf3
O-O 9. O-O f6 10. Bf4 fxe5 11. Bxe5 Ndxe5 12. Nxe5 Nxe5 13. dxe5 Bd7 14. Qc2 h6
15. f4 Bc6 16. Rae1 Rc8 17. Qd2 d4 18. cxd4 cxd4 19. Nxd4 Bc5 0-1

[Event "Tournoi Skype 019A"]
[Site "Skype"]
[Date "????.??.??"]
[Round "2.16"]
[White "Sauvaget, Joel"]
[Black "Aranzubia, Desiderio"]
[Result "1-0"]
[WhiteElo "1658"]
[BlackElo "1591"]
[PlyCount "39"]

1. d4 d5 2. Nf3 Nf6 3. e3 e6 4. c4 c5 5. Bd3 cxd4 6. exd4 dxc4 7. Bxc4 Nc6 8.
O-O Be7 9. Nc3 a6 10. Re1 b5 11. Bb3 O-O 12. Bf4 Na5 13. Bc2 Nd5 14. Nxd5 Qxd5
15. Re5 Qc4 16. Bd3 Qb4 17. Qc2 Bd6 18. Re4 Bb7 19. Bxd6 Bxe4 20. Bxb4 1-0

[Event "Tournoi Skype 019A"]
[Site "Skype"]
[Date "????.??.??"]
[Round "2.17"]
[White "Saponara, Jose Maria"]
[Black "Alvarez, Rafael Andres"]
[Result "1/2-1/2"]
[WhiteElo "1583"]
[BlackElo "1618"]
[PlyCount "74"]

1. e4 c6 2. d4 d5 3. Nd2 dxe4 4. Nxe4 Bf5 5. Ng3 Bg6 6. Bc4 e6 7. N1e2 Nf6 8.
O-O Bd6 9. Bf4 O-O 10. Qd2 Ne4 11. Qe3 Nxg3 12. Qxg3 Bxf4 13. Qxf4 Bxc2 14.
Rfe1 b5 15. Rac1 Bf5 16. Bb3 Qb6 17. Ng3 Bg6 18. h4 h6 19. h5 Bh7 20. Rc3 Nd7
21. Qd6 Nf6 22. Rxc6 Qd8 23. Qc5 Qa5 24. Rc1 Bd3 25. Rc3 Ng4 26. f3 Nf6 27.
Rxd3 Qe1+ 28. Kh2 a6 29. Rc7 Rfe8 30. Rc3 Qd2 31. Rc2 Qf4 32. Qe5 Qh4+ 33. Kg1
Nxh5 34. Nxh5 Rad8 35. Nf4 Rxd4 36. Qxd4 Qe1+ 37. Kh2 Qh4+ 1/2-1/2

[Event "Tournoi Skype 019A"]
[Site "Skype"]
[Date "????.??.??"]
[Round "2.18"]
[White "Rugman, Dan"]
[Black "Acikgoz, Tuncay"]
[Result "1/2-1/2"]
[WhiteElo "1561"]
[BlackElo "1617"]
[PlyCount "65"]

1. e4 c6 2. d4 d5 3. exd5 cxd5 4. c4 Nf6 5. Nc3 g6 6. Qb3 dxc4 7. Bxc4 e6 8. d5
exd5 9. Nxd5 Nxd5 10. Bxd5 Qe7+ 11. Kf1 Bg7 12. Qb5+ Nd7 13. Bxb7 Rb8 14. Bg5
Bf6 15. Re1 Qxe1+ 16. Kxe1 Rxb7 17. Qe2+ Kf8 18. Bxf6 Nxf6 19. Qc4 Kg7 20. Ne2
Rxb2 21. Nc3 Rc2 22. Qd4 Bf5 23. Nd5 Re8+ 24. Kd1 Re6 25. Ne3 Rxa2 26. Nxf5+
gxf5 27. Re1 Rb6 28. Kc1 Raa6 29. Re2 Rd6 30. Qh4 h6 31. Qg3+ Kh7 32. Qf4 Kg6
33. Qg3+ 1/2-1/2

[Event "Tournoi Skype 019A"]
[Site "Skype"]
[Date "????.??.??"]
[Round "2.20"]
[White "L'Herbon De Lussats, Jean"]
[Black "Sepulveda, Lyda Marcela"]
[Result "0-1"]
[WhiteElo "1515"]
[BlackElo "1612"]
[PlyCount "96"]

1. d4 d5 2. c4 e6 3. Nf3 Nf6 4. Bg5 Be7 5. Nc3 Nbd7 6. e3 O-O 7. Bd3 dxc4 8.
Bxc4 c6 9. O-O Nd5 10. Bxe7 Qxe7 11. Ne4 e5 12. Re1 f5 13. Nc3 e4 14. Nd2 N7f6
15. f3 Be6 16. fxe4 Nxc3 17. bxc3 Bxc4 18. Nxc4 fxe4 19. Qb3 Kh8 20. Ne5 Rac8
21. Rf1 c5 22. Rf4 cxd4 23. cxd4 Rc7 24. Rh4 Qe8 25. Rf1 g5 26. h3 gxh4 27. Qa3
a6 28. Qd6 Qe7 29. Qb6 Rc2 30. Qa5 Qg7 31. Rf2 Rxf2 32. Kxf2 Nd7+ 33. Kg1 Rg8
34. Qd2 Nxe5 35. dxe5 Qxe5 36. Qf2 Rc8 37. Qxh4 Rc1+ 38. Kf2 Rc2+ 39. Kf1 Qa1+
40. Qe1 Rc1 41. Qxc1 Qxc1+ 42. Kf2 Kg7 43. Kg3 Kg6 44. Kf4 Qc4 45. g4 h6 46. h4
Qd5 47. h5+ Kf6 48. a4 Qe5# 0-1

[Event "Tournoi Skype 019A"]
[Site "Skype"]
[Date "????.??.??"]
[Round "2.21"]
[White "Yeter, Orhan"]
[Black "Farthouat, Titoine"]
[Result "1-0"]
[WhiteElo "1612"]
[BlackElo "1569"]
[PlyCount "41"]

1. e4 c5 2. d4 cxd4 3. c3 dxc3 4. Nxc3 Nc6 5. Bc4 d6 6. Nf3 g6 7. O-O Bg7 8.
Qe2 Bg4 9. Rd1 Nd4 10. Bxf7+ Kf8 11. Qc4 Bxf3 12. Rxd4 Bxd4 13. Qxd4 Nf6 14.
Qc4 d5 15. Nxd5 Nxd5 16. Bxd5 e6 17. Bh6+ Ke8 18. Bxe6 a5 19. gxf3 Qf6 20. Qb5+
Ke7 21. Qd7# 1-0

[Event "Tournoi Skype 019A"]
[Site "Skype"]
[Date "????.??.??"]
[Round "2.22"]
[White "Prasad Singh, Ambika"]
[Black "Mitrani, Alberto"]
[Result "1-0"]
[WhiteElo "1608"]
[BlackElo "1522"]
[PlyCount "33"]

1. e4 d6 2. d4 Nf6 3. Nc3 g6 4. h3 Bg7 5. Be3 Nbd7 6. Nf3 O-O 7. Qd2 c5 8. g4
cxd4 9. Nxd4 e5 10. Ndb5 d5 11. exd5 Nb6 12. d6 a6 13. Nc7 Nbd5 14. Nxa8 Qxd6
15. O-O-O Rd8 16. Nb6 Be6 17. Bc4 1-0

[Event "Tournoi Skype 019A"]
[Site "Skype"]
[Date "????.??.??"]
[Round "2.24"]
[White "Cossalter, Maurizio"]
[Black "Carballo, Jorge"]
[Result "1-0"]
[WhiteElo "1455"]
[BlackElo "1599"]
[PlyCount "69"]

1. e4 e5 2. f4 d5 3. exd5 exf4 4. Nf3 Bg4 5. d4 Bd6 6. Be2 Bxf3 7. Bxf3 Qh4+ 8.
Kf1 Nh6 9. Qe2+ Be7 10. Nc3 Nf5 11. Qf2 Ng3+ 12. Kg1 Nxh1 13. Qxh4 Bxh4 14.
Kxh1 Bf6 15. Bxf4 Bxd4 16. d6 cxd6 17. Bxb7 Na6 18. Bxa8 Nb4 19. Re1+ Kd7 20.
Be4 g6 21. a3 Bxc3 22. bxc3 Na6 23. Rd1 Re8 24. Rxd6+ Kc8 25. Rxa6 Rxe4 26. g3
Kb7 27. Rf6 Re1+ 28. Kg2 Re7 29. a4 h5 30. a5 a6 31. Bd6 Rd7 32. Bb4 g5 33. c4
g4 34. c5 Kc8 35. Rxa6 1-0

[Event "Tournoi Skype 019A"]
[Site "Skype"]
[Date "????.??.??"]
[Round "3.1"]
[White "Loayza, Juan Antonio"]
[Black "Hervais, Adrien"]
[Result "0-1"]
[WhiteElo "1918"]
[BlackElo "2124"]
[PlyCount "54"]

1. b3 d5 2. Bb2 c5 3. e3 Nc6 4. Bb5 e6 5. Nf3 Nf6 6. O-O Bd6 7. Ne5 Bxe5 8.
Bxe5 Bd7 9. Bg3 Ne4 10. Qf3 O-O 11. d3 Nxg3 12. Qxg3 Nb4 13. Na3 Nxc2 14. Nxc2
Bxb5 15. Rfd1 Rc8 16. a4 Bd7 17. Qd6 Rc6 18. Qe5 Ra6 19. Rab1 Qb6 20. Qc3 Re8
21. Rbc1 e5 22. Rd2 h6 23. Na3 Qa5 24. Qxa5 Rxa5 25. Rdc2 Rc8 26. Nb5 Bxb5 27.
Rxc5 Rc6 0-1

[Event "Tournoi Skype 019A"]
[Site "Skype"]
[Date "????.??.??"]
[Round "3.2"]
[White "Dal, Ibrahim"]
[Black "Ibarra Cantu, Raul Alberto"]
[Result "1-0"]
[WhiteElo "1840"]
[BlackElo "2097"]
[PlyCount "87"]

1. d4 Nf6 2. Nf3 g6 3. Bf4 Bg7 4. e3 O-O 5. Be2 d6 6. h3 c5 7. c3 cxd4 8. exd4
b6 9. O-O Ba6 10. Re1 Bxe2 11. Qxe2 e6 12. Nbd2 Nfd7 13. Ne4 d5 14. Nd6 Nf6 15.
Ng5 Nc6 16. Ngxf7 Qd7 17. Qxe6 Qxe6 18. Rxe6 Rxf7 19. Nxf7 Kxf7 20. Rxc6 Re8
21. Rc7+ Kg8 22. Be5 Nh5 23. Re1 a6 24. g4 Bxe5 25. Rxe5 Rxe5 26. dxe5 Nf4 27.
h4 Nd3 28. e6 Nxb2 29. f4 Nd3 30. f5 gxf5 31. gxf5 Nf4 32. Kf2 Nh5 33. Ke3 Nf6
34. Kd4 h5 35. Rf7 Ne8 36. Kxd5 b5 37. Kc6 a5 38. Kd7 Ng7 39. Rxg7+ Kxg7 40. e7
b4 41. cxb4 axb4 42. e8=Q b3 43. axb3 Kh6 44. Qh8# 1-0

[Event "Tournoi Skype 019A"]
[Site "Skype"]
[Date "????.??.??"]
[Round "3.3"]
[White "Martine, Jean-Christophe"]
[Black "Benson, Paul"]
[Result "1-0"]
[WhiteElo "2056"]
[BlackElo "2040"]
[PlyCount "75"]

1. d4 c5 2. e3 d5 3. Nf3 Nc6 4. c3 e6 5. Bd3 f5 6. O-O Nf6 7. Nbd2 Bd6 8. c4
O-O 9. dxc5 Bxc5 10. a3 a5 11. Qc2 d4 12. Nb3 b6 13. exd4 Nxd4 14. Nfxd4 Bxd4
15. Rd1 Ng4 16. Nxd4 Qxd4 17. h3 Bb7 18. Bf1 Qf6 19. hxg4 fxg4 20. Be3 Qh4 21.
Bd3 Bxg2 22. Kxg2 Qh3+ 23. Kg1 g3 24. f3 Rxf3 25. Be4 Rf2 26. Bxf2 Qh2+ 27. Kf1
Rf8 28. Rd8 Rxd8 29. Be3 Rf8+ 30. Ke1 Qh4 31. Qg2 Qg4 32. Kd2 h5 33. Rh1 h4 34.
Bd3 Rd8 35. Kc2 b5 36. Qe4 g2 37. Rxh4 Qg3 38. Qxe6+ 1-0

[Event "Tournoi Skype 019A"]
[Site "Skype"]
[Date "????.??.??"]
[Round "3.5"]
[White "Deville, Olivier"]
[Black "Engstrom, Olle"]
[Result "1/2-1/2"]
[WhiteElo "2032"]
[BlackElo "1759"]
[PlyCount "85"]

1. c4 f5 2. g3 Nf6 3. Bg2 e6 4. Qc2 d6 5. d4 Be7 6. Nf3 O-O 7. O-O Ne4 8. Nbd2
Nxd2 9. Bxd2 Bf6 10. Bc3 Qe8 11. c5 Nc6 12. cxd6 cxd6 13. b4 b5 14. d5 exd5 15.
Bxf6 Rxf6 16. Ng5 Bd7 17. Bxd5+ Kh8 18. Qb3 h6 19. Nf3 Rc8 20. Rac1 Ne7 21. Nd4
Bc6 22. Bxc6 Nxc6 23. Nxb5 Qxe2 24. Nc3 Qf3 25. Qd5 Ne5 26. Qxf3 Nxf3+ 27. Kg2
Nd4 28. Ne4 Rxc1 29. Rxc1 fxe4 30. Rc7 a6 31. Rc4 Nb5 32. Rxe4 Nc3 33. Re8+ Kh7
34. a3 Kg6 35. Rc8 Ne4 36. f4 d5 37. a4 Rb6 38. a5 Rxb4 39. Rc6+ Kf7 40. Rxa6
Ra4 41. Ra7+ Kf6 42. Ra6+ Kf7 43. Ra7+ 1/2-1/2

[Event "Tournoi Skype 019A"]
[Site "Skype"]
[Date "????.??.??"]
[Round "3.6"]
[White "Thoune, Jim"]
[Black "Hilton, Stephen"]
[Result "0-1"]
[WhiteElo "1733"]
[BlackElo "1926"]
[PlyCount "33"]

1. d4 Nf6 2. c4 g6 3. Nc3 d5 4. e3 Bg7 5. Nf3 O-O 6. Be2 c5 7. cxd5 Nxd5 8.
Nxd5 Qxd5 9. dxc5 Qxc5 10. O-O Nc6 11. a3 Qb6 12. Rb1 Bf5 13. Bd3 Rfd8 14. Nd4
Nxd4 15. exd4 Bxd4 16. Qf3 Bxd3 17. Rd1 0-1

[Event "Tournoi Skype 019A"]
[Site "Skype"]
[Date "????.??.??"]
[Round "3.7"]
[White "Trivedi, Viral"]
[Black "Rico Hernandez, Edgar"]
[Result "1-0"]
[WhiteElo "1593"]
[BlackElo "1889"]
[PlyCount "45"]

1. e4 e5 2. Nf3 d6 3. Bc4 h6 4. O-O Nf6 5. Nc3 Be7 6. d4 exd4 7. Nxd4 O-O 8.
Nf5 Bxf5 9. exf5 c6 10. Bf4 d5 11. Bd3 Nbd7 12. Ne2 Nc5 13. Ng3 Nxd3 14. Qxd3
Bd6 15. Bxd6 Qxd6 16. c4 Rfe8 17. cxd5 Nxd5 18. Rfe1 Qf8 19. Nh5 Rad8 20. Qg3
Rxe1+ 21. Rxe1 Re8 22. Rxe8 Qxe8 23. Qxg7# 1-0

[Event "Tournoi Skype 019A"]
[Site "Skype"]
[Date "????.??.??"]
[Round "3.8"]
[White "Karia, Vijay"]
[Black "Legueltel, Daniel"]
[Result "1-0"]
[WhiteElo "1671"]
[BlackElo "1842"]
[PlyCount "39"]

1. e4 e5 2. Bc4 Bc5 3. Nc3 Nf6 4. d3 d6 5. f4 exf4 6. Bxf4 Nc6 7. Nf3 Bg4 8.
Na4 Nd4 9. Nxc5 dxc5 10. Bxf7+ Kxf7 11. Ne5+ Kf8 12. Nxg4 Nxg4 13. Qxg4 Nxc2+
14. Ke2 Nxa1 15. Rf1 Ke8 16. Qxg7 Rf8 17. Bg5 Qd6 18. e5 Rxf1 19. exd6 Rf7 20.
Qg8+ 1-0

[Event "Tournoi Skype 019A"]
[Site "Skype"]
[Date "????.??.??"]
[Round "3.9"]
[White "Segura Lozano, Marcos Antonio"]
[Black "Joshi, Aryan"]
[Result "0-1"]
[WhiteElo "1788"]
[BlackElo "1697"]
[PlyCount "68"]

1. d4 f5 2. c4 e6 3. Nf3 Nf6 4. Bg5 d5 5. e3 c6 6. Nc3 Bd6 7. c5 Bc7 8. Rc1 O-O
9. Bd3 Nbd7 10. Qe2 Qe8 11. Bh4 Ne4 12. Bg3 e5 13. Nxe5 Nxe5 14. dxe5 Bxe5 15.
Bxe5 Qxe5 16. f4 Qe7 17. Bxe4 fxe4 18. h4 Qe6 19. Qf2 Rf6 20. Ne2 Qg4 21. O-O
Rh6 22. g3 Rxh4 23. Qg2 Rh6 24. Kf2 Qh5 25. f5 Bxf5 26. Nf4 Qg5 27. Rh1 Rxh1
28. Rxh1 Rf8 29. Ke1 Bg4 30. Kd2 Bf3 31. Qh3 Bxh1 32. Qe6+ Kh8 33. Qd6 Qf6 34.
Ng6+ hxg6 0-1

[Event "Tournoi Skype 019A"]
[Site "Skype"]
[Date "????.??.??"]
[Round "3.10"]
[White "Ricieri, Vinicius"]
[Black "Yeter, Orhan"]
[Result "1-0"]
[WhiteElo "1738"]
[BlackElo "1612"]
[PlyCount "53"]

1. e4 c5 2. c3 d5 3. exd5 Qxd5 4. d4 cxd4 5. cxd4 Nc6 6. Nf3 Bg4 7. Nc3 Qa5 8.
d5 Bxf3 9. Qxf3 Nd4 10. Qe4 Qb6 11. Be3 Qxb2 12. Rc1 e5 13. Qxe5+ Be7 14. Qxd4
Nf6 15. Bb5+ Kf8 16. O-O Qa3 17. Rfd1 Bd6 18. Bf4 Bc5 19. Qd2 Ng4 20. Ne4 Bb6
21. Bd6+ Qxd6 22. Nxd6 Nxf2 23. Kf1 Ng4 24. Re1 Nxh2+ 25. Ke2 Ng4 26. Qf4 h5
27. Qxf7# 1-0

[Event "Tournoi Skype 019A"]
[Site "Skype"]
[Date "????.??.??"]
[Round "3.11"]
[White "Mulrooney, Justin"]
[Black "Prasad Singh, Ambika"]
[Result "1-0"]
[WhiteElo "1729"]
[BlackElo "1608"]
[PlyCount "51"]

1. d4 Nf6 2. c4 e6 3. Nc3 Bb4 4. e3 Ne4 5. Qc2 f5 6. Bd3 Nxc3 7. bxc3 Be7 8.
Nf3 h6 9. d5 O-O 10. O-O d6 11. e4 e5 12. exf5 Nd7 13. Be3 b6 14. Nd2 Nf6 15.
h3 Nh5 16. Nf3 Bb7 17. Qe2 Nf6 18. Nh4 c6 19. Ng6 Rf7 20. Rfd1 cxd5 21. cxd5
Bxd5 22. Bc4 Bxc4 23. Qxc4 Rc8 24. Qe6 Rxc3 25. Nxe5 Qc8 26. Qxf7+ 1-0

[Event "Tournoi Skype 019A"]
[Site "Skype"]
[Date "????.??.??"]
[Round "3.12"]
[White "Le Brun, Yves"]
[Black "Murgia, Stefano"]
[Result "0-1"]
[WhiteElo "1532"]
[BlackElo "1705"]
[PlyCount "50"]

1. e4 e5 2. Bc4 Nf6 3. d4 exd4 4. e5 d5 5. exf6 dxc4 6. Qe2+ Be6 7. Nf3 Qxf6 8.
Bg5 Qg6 9. O-O Nc6 10. a3 Bd6 11. Rc1 O-O 12. Bh4 Rfe8 13. Bg3 Bd5 14. Qd1 Bxf3
15. Qxf3 Qxc2 16. Qd1 Qxb2 17. Nd2 c3 18. Nc4 Qe2 19. Nxd6 cxd6 20. Bxd6 Qxd1+
21. Rxd1 Rad8 22. Bf4 d3 23. Rac1 c2 24. Rd2 Nd4 25. Kf1 Ne2 0-1

[Event "Tournoi Skype 019A"]
[Site "Skype"]
[Date "????.??.??"]
[Round "3.13"]
[White "Casey, Eamonn"]
[Black "Galani, Mahendra"]
[Result "1-0"]
[WhiteElo "1703"]
[BlackElo "1487"]
[PlyCount "65"]

1. d4 d5 2. c4 c6 3. cxd5 Qxd5 4. Nc3 Qd7 5. Nf3 e6 6. e4 Bb4 7. Bd3 Nf6 8. O-O
Qe7 9. Qc2 h6 10. a3 Bxc3 11. bxc3 Na6 12. h3 Bd7 13. Bf4 Nh5 14. Bh2 Nf6 15.
Rfe1 Nh7 16. Ne5 Bc8 17. Bxa6 bxa6 18. Nxc6 Qd7 19. d5 O-O 20. Rad1 exd5 21.
exd5 Bb7 22. Re7 Qc8 23. Rc7 Qe8 24. Rxb7 Nf6 25. Bd6 Nxd5 26. Ne7+ Nxe7 27.
Bxe7 Rb8 28. Rxb8 Qxb8 29. Bxf8 Kxf8 30. Qd3 Ke8 31. Qd7+ Kf8 32. Qd6+ Qxd6 33.
Rxd6 1-0

[Event "Tournoi Skype 019A"]
[Site "Skype"]
[Date "????.??.??"]
[Round "3.14"]
[White "Cossalter, Maurizio"]
[Black "Sauvaget, Joel"]
[Result "1-0"]
[WhiteElo "1455"]
[BlackElo "1658"]
[PlyCount "87"]

1. e4 e5 2. f4 exf4 3. Nf3 d6 4. Be2 Nf6 5. d3 Be7 6. O-O O-O 7. Bxf4 Nc6 8.
Nc3 Re8 9. a3 Bf8 10. Qd2 Ne5 11. Bg5 Nxf3+ 12. Rxf3 Be7 13. Bxf6 Bxf6 14. Rb1
Bg5 15. Qe1 Bg4 16. Rf1 Bh4 17. Qd1 Bxe2 18. Qxe2 Re6 19. Rf3 Rg6 20. Qd2 Qd7
21. Rf4 Bg5 22. Rbf1 Bxf4 23. Rxf4 Qe7 24. Qf2 a6 25. Nd5 Qd7 26. Qh4 Re8 27.
Qh5 Re5 28. Qh4 Reg5 29. Qf2 c6 30. Ne3 d5 31. exd5 cxd5 32. Rd4 Qh3 33. Rh4
Rxg2+ 34. Nxg2 Rxg2+ 35. Qxg2 Qxh4 36. Qxd5 h6 37. Qxb7 Qe1+ 38. Kg2 Qd2+ 39.
Kg3 Qxc2 40. Qxa6 Qxb2 41. a4 Qb4 42. Qa8+ Kh7 43. Qe4+ Qxe4 44. dxe4 1-0

[Event "Tournoi Skype 019A"]
[Site "Skype"]
[Date "????.??.??"]
[Round "3.19"]
[White "Acikgoz, Tuncay"]
[Black "Saponara, Jose Maria"]
[Result "0-1"]
[WhiteElo "1617"]
[BlackElo "1583"]
[PlyCount "122"]

1. d4 d5 2. c4 e6 3. Nf3 Nf6 4. Bg5 h6 5. Bh4 Be7 6. e3 Nbd7 7. Nc3 c6 8. Bd3
O-O 9. c5 a5 10. Na4 b5 11. cxb6 Nxb6 12. Nxb6 Qxb6 13. Ne5 Bb4+ 14. Ke2 Ne4
15. Qc2 a4 16. Qxc6 Qxc6 17. Nxc6 Bd6 18. f3 Ng5 19. Bxg5 hxg5 20. h4 Bb7 21.
Rac1 Rfc8 22. Bb5 gxh4 23. Rxh4 f6 24. a3 Kf7 25. Rhh1 Rc7 26. Rc3 Ba6 27. Bxa6
Rxa6 28. Rhc1 Rb6 29. Nd8+ Ke8 30. Rxc7 Bxc7 31. Rxc7 Kxd8 32. Rc2 Kd7 33. e4
Rb3 34. Kd1 Kd6 35. Kc1 dxe4 36. fxe4 Re3 37. Rc4 Rxe4 38. Rxa4 Re2 39. Rc4
Rxg2 40. a4 Kd5 41. b3 g5 42. Kb1 g4 43. a5 Rh2 44. a6 f5 45. Rc8 Rh7 46. Rg8
Ra7 47. Kc2 Kxd4 48. Rd8+ Kc5 49. b4+ Kxb4 50. Rd6 Re7 51. Rb6+ Ka5 52. Rb7 Re8
53. a7 Ra8 54. Re7 g3 55. Rxe6 f4 56. Kd3 Rxa7 57. Ke4 Rf7 58. Kf3 Rg7 59. Kg2
f3+ 60. Kg1 f2+ 61. Kg2 Rf7 0-1

[Event "Tournoi Skype 019A"]
[Site "Skype"]
[Date "????.??.??"]
[Round "3.20"]
[White "Bendre, Pankaj"]
[Black "Gharbi, Said"]
[Result "0-1"]
[WhiteElo "1543"]
[BlackElo "1597"]
[PlyCount "60"]

1. e4 e5 2. Nf3 Nf6 3. Nxe5 Bd6 4. Nf3 Nxe4 5. Qe2 Qe7 6. d3 Nf6 7. Be3 Nd5 8.
Bd2 O-O 9. Qxe7 Bxe7 10. Nc3 Nb4 11. O-O-O Bf6 12. Kb1 d5 13. a3 d4 14. Nb5
N4c6 15. Nxc7 Na6 16. Nxa8 Be6 17. Be1 Rxa8 18. Nd2 b5 19. Nc4 bxc4 20. dxc4
Nc5 21. b3 a5 22. Bd3 a4 23. b4 Rb8 24. Ka2 Nd7 25. f4 Nb6 26. b5 Ne7 27. Bg3
Bxc4+ 28. Bxc4 Nxc4 29. f5 Rxb5 30. Bf4 Rb2+ 0-1

[Event "Tournoi Skype 019A"]
[Site "Skype"]
[Date "????.??.??"]
[Round "3.21"]
[White "Carballo, Jorge"]
[Black "Farthouat, Titoine"]
[Result "0-1"]
[WhiteElo "1599"]
[BlackElo "1569"]
[PlyCount "72"]

1. e4 c5 2. Nf3 d6 3. d4 b6 4. Bb5+ Nd7 5. dxc5 dxc5 6. Ne5 Ngf6 7. Bg5 a6 8.
Bc6 Rb8 9. Bxf6 exf6 10. Nxd7 Bxd7 11. Bxd7+ Qxd7 12. Qxd7+ Kxd7 13. Nc3 b5 14.
O-O-O+ Bd6 15. e5 fxe5 16. Ne4 Rb6 17. Nxc5+ Kc6 18. Ne4 Rd8 19. Rd3 Kd7 20.
Rhd1 Ke7 21. Ng3 g6 22. Ne4 Bc7 23. Nc3 Rxd3 24. Rxd3 Rd6 25. Nd5+ Kd7 26. Nf6+
Ke7 27. Nd5+ Kd7 28. Nb4 Rxd3 29. Nxd3 Bd6 30. b4 e4 31. Nc5+ Bxc5 32. bxc5 Kc6
33. Kd2 Kxc5 34. c3 Kc4 35. a3 f5 36. h3 Kb3 0-1

[Event "Tournoi Skype 019A"]
[Site "Skype"]
[Date "????.??.??"]
[Round "3.22"]
[White "Aranzubia, Desiderio"]
[Black "L'Herbon De Lussats, Jean"]
[Result "1-0"]
[WhiteElo "1591"]
[BlackElo "1515"]
[PlyCount "33"]

1. d4 g6 2. c4 Nf6 3. Nc3 Bg7 4. Bf4 O-O 5. Qd2 d6 6. Bh6 Bxh6 7. Qxh6 e5 8.
dxe5 dxe5 9. Rd1 Qe7 10. h3 c5 11. Nf3 Nc6 12. Ng5 Rd8 13. Nd5 Qd6 14. Nxf6+
Qxf6 15. Rxd8+ Qxd8 16. Qxh7+ Kf8 17. Qxf7# 1-0

[Event "Tournoi Skype 019A"]
[Site "Skype"]
[Date "????.??.??"]
[Round "3.23"]
[White "Mitrani, Alberto"]
[Black "Couto, Januario"]
[Result "1-0"]
[WhiteElo "1522"]
[BlackElo "1591"]
[PlyCount "37"]

1. c4 Nf6 2. g3 g6 3. Bg2 Bg7 4. Nc3 O-O 5. d3 e6 6. e4 c6 7. Nf3 d6 8. O-O
Nbd7 9. Bf4 e5 10. Bg5 h6 11. Be3 Ng4 12. Qd2 Nxe3 13. fxe3 Nf6 14. Rad1 Bg4
15. d4 exd4 16. exd4 Nd7 17. Qf4 Bxf3 18. Rxf3 Ne5 19. dxe5 1-0

[Event "Tournoi Skype 019A"]
[Site "Skype"]
[Date "????.??.??"]
[Round "3.24"]
[White "Aceituno, Stebe"]
[Black "Alvarez, Juan Evangelista"]
[Result "1-0"]
[WhiteElo "1586"]
[BlackElo "1400"]
[PlyCount "99"]

1. e4 Nf6 2. Nc3 e5 3. Bc4 Bc5 4. Nf3 d6 5. d4 exd4 6. Nxd4 Bxd4 7. Qxd4 Nc6 8.
Qd1 Nd7 9. Bf4 O-O 10. Qd2 Nb6 11. Bd3 Ne5 12. Bxe5 dxe5 13. O-O-O Be6 14. f4
Bg4 15. Rde1 c5 16. h3 Bc8 17. g4 c4 18. Be2 Qxd2+ 19. Kxd2 exf4 20. Kc1 Be6
21. a4 Nd7 22. Nd5 Bxd5 23. exd5 Ne5 24. Rhf1 Rad8 25. Rxf4 Rfe8 26. Rd1 Ng6
27. Rxc4 Rxe2 28. Rc7 Ne5 29. d6 Nd7 30. Rxb7 Re4 31. Rxa7 Rxg4 32. hxg4 g6 33.
Re1 Nf6 34. g5 Nd5 35. Rb7 Rxd6 36. Rd1 Kg7 37. Rb5 Nc3 38. Rxd6 Nxb5 39. axb5
h6 40. gxh6+ Kxh6 41. b6 f5 42. b7 Kh5 43. b8=Q g5 44. Qe8+ Kg4 45. Rd3 Kf4 46.
Qe3+ Kg4 47. Qh3+ Kf4 48. Rf3+ Ke5 49. Qxf5+ Kd6 50. Rd3+ 1-0

[Event "Tournoi Skype 019A"]
[Site "Skype"]
[Date "????.??.??"]
[Round "4.1"]
[White "Hervais, Adrien"]
[Black "Martine, Jean-Christophe"]
[Result "0-1"]
[WhiteElo "2124"]
[BlackElo "2056"]
[PlyCount "70"]

1. d3 e5 2. f4 Nc6 3. Nf3 d6 4. g3 Nf6 5. Bg2 Be7 6. Nc3 O-O 7. O-O exf4 8.
Bxf4 d5 9. Nb5 Bc5+ 10. d4 Bb6 11. Bg5 h6 12. Bh4 a6 13. Nc3 g5 14. Nxg5 Bxd4+
15. Kh1 hxg5 16. Bxg5 Qd6 17. e3 Bxc3 18. bxc3 Ne4 19. Bxe4 dxe4 20. Qh5 Qg6
21. Qh4 f5 22. g4 Ne5 23. gxf5 Bxf5 24. Bf4 Ng4 25. Rg1 Kf7 26. Be5 Rae8 27. h3
Rxe5 28. Raf1 Qf6 29. Rxg4 Qxh4 30. Rxh4 Ke6 31. Kh2 Rc5 32. Rb1 b6 33. Rb3 Rd5
34. Kg3 Rd2 35. Rf4 Rg8+ 0-1

[Event "Tournoi Skype 019A"]
[Site "Skype"]
[Date "????.??.??"]
[Round "4.3"]
[White "Joshi, Aryan"]
[Black "Karia, Vijay"]
[Result "1/2-1/2"]
[WhiteElo "1697"]
[BlackElo "1671"]
[PlyCount "40"]

1. e4 d5 2. d4 e6 3. Nc3 c6 4. Nf3 Nf6 5. e5 Nfd7 6. Bd3 Be7 7. O-O O-O 8. Ne2
f5 9. exf6 Nxf6 10. Ng5 Ne4 11. Nxe4 dxe4 12. Bxe4 Nd7 13. Nf4 Nf6 14. Bd3 Nd5
15. Nxd5 exd5 16. Qh5 g6 17. Bxg6 hxg6 18. Qxg6+ Kh8 19. Qh6+ Kg8 20. Qg6+ Kh8
1/2-1/2

[Event "Tournoi Skype 019A"]
[Site "Skype"]
[Date "????.??.??"]
[Round "4.4"]
[White "Hilton, Stephen"]
[Black "Deville, Olivier"]
[Result "0-1"]
[WhiteElo "1926"]
[BlackElo "2032"]
[PlyCount "72"]

1. d4 Nf6 2. Nf3 e6 3. e3 c5 4. Bd3 Nc6 5. O-O Qc7 6. a3 b6 7. b3 Be7 8. Bb2
O-O 9. Nbd2 d6 10. dxc5 bxc5 11. Qe2 d5 12. c4 Rd8 13. cxd5 exd5 14. Rfc1 Qd6
15. h3 Rb8 16. Bc2 a5 17. Rab1 Nd7 18. Rd1 Qc7 19. Nf1 Nde5 20. Nxe5 Nxe5 21.
Qh5 Ng6 22. Ng3 Be6 23. Nf5 Bf8 24. Nh4 d4 25. exd4 Bxb3 26. Rbc1 c4 27. Nxg6
hxg6 28. Qf3 Qb7 29. Be4 Qb5 30. Rd2 Be7 31. d5 Bg5 32. Qc3 f6 33. d6 Bxd2 34.
Qxd2 Rb6 35. d7 Rxd7 36. Qxd7 Qxd7 0-1

[Event "Tournoi Skype 019A"]
[Site "Skype"]
[Date "????.??.??"]
[Round "4.5"]
[White "Ibarra Cantu, Raul Alberto"]
[Black "Mulrooney, Justin"]
[Result "1-0"]
[WhiteElo "2097"]
[BlackElo "1729"]
[PlyCount "73"]

1. e4 e6 2. d4 d5 3. Nc3 Nf6 4. Bg5 Be7 5. Bxf6 gxf6 6. exd5 exd5 7. Nf3 Be6 8.
Bd3 Na6 9. Bxa6 bxa6 10. Qd3 Qd6 11. O-O-O Rb8 12. Ne2 Qb6 13. Qb3 Qxb3 14.
axb3 Rg8 15. Rhg1 Bd6 16. Kd2 Bb4+ 17. Ke3 Rg4 18. Ng3 Kd7 19. h3 Rgg8 20. Nh4
Rbe8 21. Kf3 Kc6 22. Nhf5 Be7 23. Nxe7+ Rxe7 24. Rge1 Kd6 25. Nh5 Rg5 26. Nf4
Rg7 27. Ra1 Bc8 28. Rxe7 Kxe7 29. Nxd5+ Kd6 30. Ne3 Bb7+ 31. d5 Ke5 32. Ke2 c6
33. dxc6 Bxc6 34. g3 Rg8 35. Ra5+ Kd4 36. c3+ Ke4 37. f3# 1-0

[Event "Tournoi Skype 019A"]
[Site "Skype"]
[Date "????.??.??"]
[Round "4.6"]
[White "Benson, Paul"]
[Black "Trivedi, Viral"]
[Result "1-0"]
[WhiteElo "2040"]
[BlackElo "1593"]
[PlyCount "49"]

1. e4 c6 2. d4 d5 3. Nc3 dxe4 4. Nxe4 Bf5 5. Ng3 Bg6 6. N1e2 Nf6 7. Nf4 e6 8.
h4 Bd6 9. h5 Bf5 10. Nxf5 Qa5+ 11. Bd2 Qxf5 12. Bd3 Ne4 13. g3 e5 14. dxe5 Qxe5
15. O-O O-O 16. Re1 f5 17. f3 Bc5+ 18. Kg2 Qxb2 19. fxe4 fxe4 20. Rxe4 Nd7 21.
Bc4+ Kh8 22. Ng6+ hxg6 23. hxg6 Nf6 24. Qh1+ Nh7 25. Qxh7# 1-0

[Event "Tournoi Skype 019A"]
[Site "Skype"]
[Date "????.??.??"]
[Round "4.7"]
[White "Murgia, Stefano"]
[Black "Loayza, Juan Antonio"]
[Result "0-1"]
[WhiteElo "1705"]
[BlackElo "1918"]
[PlyCount "64"]

1. e4 c5 2. Nf3 d6 3. d4 cxd4 4. Nxd4 Nf6 5. Nc3 a6 6. Qf3 e5 7. Nf5 g6 8. Nh6
Be6 9. h3 Nc6 10. Be3 d5 11. exd5 Nxd5 12. O-O-O Nd4 13. Bxd4 exd4 14. Nxd5
Bxh6+ 15. Nf4 Qd6 16. g3 O-O-O 17. Kb1 Bxf4 18. Qxf4 Qd5 19. Bd3 Qxa2+ 20. Kc1
Rhe8 21. Kd2 Qa5+ 22. Kc1 Qa1+ 23. Kd2 Qxb2 24. Rb1 Qc3+ 25. Kd1 Qc7 26. Qh6
Bd5 27. Rg1 Bf3+ 28. Kc1 Rd5 29. Qxh7 Rde5 30. Rb3 Bd5 31. Ra3 Qc5 32. Kb2 Qb4+
0-1